POTRAWY SKŁADAJĄCE SIĘ NA „STANDARDOWY” NIEDZIELNY OBIAD - Statystyki

Ogólne statystyki
  • Ten quiz został rozwiązany 765 razy
  • Średni wynik to 4 z 5
Statystyki odpowiedzi
Odpowiedź % Poprawnych
ZIEMNIAKI
92%
ROSÓŁ
90%
KOTLET SCHABOWY
75%
MIZERIA
68%
KOMPOT
62%
Nie znaleziono quizów pasujących do podanych kryteriów
Rozkład punktacji
Procent ludzi z każdym wynikiem
Percentyl według liczby udzielonych odpowiedzi
Twoja historia wyników
Nie rozwiązałeś tego quizu